|
|
|
|
| LEADER |
00000nam a2200000 a 4500 |
| 001 |
vtls001262997 |
| 003 |
SK-MaSNL |
| 005 |
20260301154943.0 |
| 008 |
210928s1972 xr 0 cze |
| 035 |
|
|
|a SNK000213894
|
| 040 |
|
|
|a SNK
|b slo
|c SNK
|e AACR2
|
| 041 |
0 |
|
|a cze
|
| 044 |
|
|
|a CZ
|
| 245 |
1 |
|
|a Seznam knih 1971
|b SNTL - Nakl. techn. literatury
|c red. Jiří Bělohubý a Mája Skálová
|
| 260 |
|
|
|a Praha
|b [s.n.]
|c [1972]
|
| 300 |
|
|
|a 111, [1] s.
|c 8°
|
| 700 |
1 |
|
|a Bělohubý, Jiří
|4 edi
|9 285709
|
| 700 |
1 |
|
|a Skálová, Mája
|4 edi
|9 285710
|
| 958 |
|
|
|a RK
|
| 958 |
|
|
|a OND
|
| 999 |
|
|
|c 798652
|d 800582
|
| 952 |
|
|
|t P60, <04>, [BOOK], {604}
|a SNK
|b SNK
|y VYP
|7 0
|o snkID 58448 D1
|i snkKIP 8572/72
|0 0
|1 0
|4 0
|d 1996-10-08
|l 0
|r 2005-01-01 00:00:00
|w 2026-02-24
|
| 952 |
|
|
|t P60, <04>, [BOOK], {604}
|a SNK
|b SNK
|y VYP
|7 0
|o snkID 58448
|i snkKIP 8571/72
|0 0
|1 0
|4 0
|d 1996-10-08
|l 0
|r 2005-01-01 00:00:00
|w 2026-02-24
|